[Event "SLO-chT U20 Girls"]
[Site "Bled"]
[Date "2014.08.27"]
[Round "5.1"]
[White "Kralj, Manca"]
[Black "Kojek, Zala"]
[Result "1-0"]
[WhiteElo "1770"]
[BlackElo "1369"]
[PlyCount "49"]
[EventDate "2014.08.23"]
[EventType "team-swiss"]
[EventRounds "5"]
[EventCountry "SLO"]
[SourceTitle "EXT 2022"]
[Source "ChessBase"]
[SourceDate "2021.10.06"]
[SourceVersion "1"]
[SourceVersionDate "2021.10.06"]
[SourceQuality "1"]
[WhiteTeam "Komenda SK U20 Girls"]
[BlackTeam "Kocevje Inotherm U20 Girls"]
[WhiteTeamCountry "SLO"]
[BlackTeamCountry "SLO"]

1. e4 e5 2. Nf3 Nc6 3. Nc3 Nf6 4. Bc4 Nxe4 5. Nxe4 d5 6. Bd3 dxe4 7. Bxe4 Bd7 8. d4 exd4 9. Nxd4 Qf6 10. Nxc6 Bxc6 11. Bxc6+ Qxc6 12. 0-0 Be7 13. Re1 Rd8 14. Qe2 Rd7 15. Bg5 f6 16. Bf4 Kf7 17. Qh5+ g6 18. Qh3 Bd6 19. Bh6 Bf8 20. Qb3+ Qd5 21. Rad1 Qxb3 22. Rxd7+ Kg8 23. axb3 Bxh6 24. Re8+ Bf8 25. Rxc7 1-0

[Event "SLO-chT2 West"]
[Site "Ljubljana"]
[Date "2013.11.15"]
[Round "6.4"]
[White "Djuric, Petar2222"]
[Black "Kralj, Manca"]
[Result "1-0"]
[WhiteElo "2000"]
[BlackElo "1786"]
[PlyCount "87"]
[EventDate "2013.11.08"]
[EventType "team"]
[EventRounds "9"]
[EventCountry "SLO"]
[SourceTitle "EXT 2015"]
[Source "ChessBase"]
[SourceDate "2014.11.20"]
[SourceVersion "1"]
[SourceVersionDate "2014.11.20"]
[SourceQuality "1"]
[WhiteTeam "Stari Mayr Kranj"]
[BlackTeam "Komenda Popotnik"]
[WhiteTeamCountry "SLO"]
[BlackTeamCountry "SLO"]

1. Nf3 d5 2. g3 Nf6 3. c4 c6 4. cxd5 cxd5 5. Bg2 Nc6 6. 0-0 Bg4 7. d3 e6 8. h3 Bh5 9. Nc3 Bd6 10. Bd2 0-0 11. Rc1 Qe7 12. Nb5 Bc5 13. Bf4 a6 14. d4 Bb4 15. Nc3 Ba5 16. g4 Bg6 17. Ne5 Nxe5 18. Bxe5 Nd7 19. Bh2 h5 20. e3 hxg4 21. hxg4 Rac8 22. Ne2 Nb6 23. Nf4 Bh7 24. Qe2 Nc4 25. Rfd1 Qb4 26. b3 Na3 27. Nd3 Bxd3 28. Qxd3 Nb5 29. g5 Nc3 30. Rf1 Nxa2 31. Rxc8 Rxc8 32. g6 Nc3 33. gxf7+ Kxf7 34. Qh7 Qf8 35. Bf3 Ke7 36. Bf4 Kd7 37. Kg2 Qf6 38. Rh1 Rf8 39. Rh6 Qe7 40. Rg6 Kc6 41. Rxg7 Qd8 42. Rxb7 Rg8+ 43. Kf1 Qc8 44. Rb8 1-0

[Event "SLO-chT U20 Girls"]
[Site "Verzej"]
[Date "2013.08.29"]
[Round "1"]
[White "Kralj, Manca"]
[Black "Vidic, Teja"]
[Result "1/2-1/2"]
[WhiteElo "1795"]
[BlackElo "1894"]
[PlyCount "92"]
[EventDate "2013.08.29"]
[EventType "team-tourn"]
[EventRounds "5"]
[EventCountry "SLO"]
[SourceTitle "EXT 2015"]
[Source "ChessBase"]
[SourceDate "2014.11.20"]
[SourceVersion "1"]
[SourceVersionDate "2014.11.20"]
[SourceQuality "1"]

1. e4 e5 2. Nf3 Nc6 3. Nc3 Nf6 4. Bc4 Nxe4 5. Nxe4 d5 6. Bd3 dxe4 7. Bxe4 Bd6 8. d3 Bg4 9. h3 Bh5 10. Be3 Bg6 11. Bxc6+ bxc6 12. Qd2 0-0 13. 0-0 Bh5 14. Nh2 Re8 15. Qc3 Qd7 16. a3 f5 17. f3 Re6 18. Qc4 Bf7 19. Qh4 Rg6 20. Kh1 f4 21. Bd2 Rg3 22. Ng4 Qe6 23. Rae1 Be7 24. Rxe5 Bxh4 25. Rxe6 Bxe6 26. Bxf4 Bxg4 27. hxg4 Re8 28. Kh2 Re2 29. Bxg3 Bxg3+ 30. Kxg3 Rxc2 31. Rf2 Rc1 32. Rd2 Kf7 33. Kf4 Ke6 34. Ke4 Kd6 35. Kd4 Re1 36. Kc4 Rc1+ 37. Kb4 Kd5 38. d4 Rc4+ 39. Ka5 Rxd4 40. Rxd4+ Kxd4 41. Ka6 Kc4 42. a4 Kb4 43. a5 h6 44. f4 c5 45. g5 hxg5 46. fxg5 g6 1/2-1/2

[Event "SLO-chT U16 Girls"]
[Site "Rogla"]
[Date "2013.05.10"]
[Round "2"]
[White "Kroselj, Lucija"]
[Black "Kralj, Manca"]
[Result "0-1"]
[WhiteElo "1569"]
[BlackElo "1780"]
[PlyCount "92"]
[EventDate "2013.05.10"]
[EventType "team"]
[EventRounds "6"]
[EventCountry "SLO"]
[SourceTitle "EXT 2015"]
[Source "ChessBase"]
[SourceDate "2014.11.20"]
[SourceVersion "1"]
[SourceVersionDate "2014.11.20"]
[SourceQuality "1"]

1. e4 e5 2. Nf3 Nc6 3. Bb5 Nge7 4. 0-0 g6 5. c3 a6 6. Ba4 Bg7 7. d4 b5 8. Bb3 d6 9. a4 Bb7 10. Na3 0-0 11. Be3 Na7 12. Bc2 bxa4 13. Nc4 exd4 14. cxd4 Bc6 15. Nfd2 Nb5 16. Nf3 d5 17. Nce5 a3 18. Qc1 axb2 19. Qxb2 Bb7 20. exd5 Nxd5 21. Bd3 c6 22. Rfc1 Qd6 23. Ng5 f6 24. Ne4 Qc7 25. Nf3 Kh8 26. Qb3 f5 27. Nc5 Qe7 28. Bg5 Bf6 29. Re1 Qf7 30. Bh6 Rfe8 31. Ne5 Qc7 32. Bxb5 axb5 33. Rxa8 Rxa8 34. Ne6 Qa5 35. Kf1 Qc3 36. Qd1 Ra2 37. Qf3 Qxf3 38. Nxf3 Ra8 39. Nc5 b4 40. Nxb7 b3 41. Nd2 b2 42. Nb1 Bxd4 43. Nd6 Nc3 44. Nc4 Nxb1 45. Rxb1 Ra1 46. Nd2 Bc3 0-1

[Event "SLO-chT (Women)"]
[Site "Ljubljana"]
[Date "2013.04.25"]
[Round "5.3"]
[White "Kralj, Manca"]
[Black "Skuhala, Barbara"]
[Result "0-1"]
[WhiteElo "1780"]
[BlackElo "1886"]
[PlyCount "98"]
[EventDate "2013.04.18"]
[EventType "team-tourn"]
[EventRounds "7"]
[EventCountry "SLO"]
[SourceTitle "EXT 2015"]
[Source "ChessBase"]
[SourceDate "2014.11.20"]
[SourceVersion "1"]
[SourceVersionDate "2014.11.20"]
[SourceQuality "1"]
[WhiteTeam "Komenda (W)"]
[BlackTeam "Radenska Pomgrad (W)"]
[WhiteTeamCountry "SLO"]
[BlackTeamCountry "SLO"]

1. e4 c5 2. Nf3 d6 3. d4 cxd4 4. Nxd4 Nf6 5. Nc3 a6 6. a4 e5 7. Nb3 Be7 8. Bc4 0-0 9. 0-0 Be6 10. Qe2 Nc6 11. Be3 Rc8 12. Bd5 Qc7 13. a5 Nb4 14. Bb6 Qd7 15. Rfd1 Nfxd5 16. Nxd5 Bxd5 17. exd5 Nxc2 18. Rac1 Qa4 19. Rxc2 Qxb3 20. Rcd2 Bg5 21. Rd3 Qc4 22. b3 Qc2 23. Qg4 Bh6 24. Be3 Bxe3 25. Rxe3 Rc3 26. Rxc3 Qxc3 27. b4 Qb3 28. h3 f5 29. Qe2 Qxb4 30. Qa2 Qc5 31. Rb1 Rf7 32. Rb6 Rc7 33. Qa4 Kf8 34. Qh4 g6 35. Qf6+ Kg8 36. Qe6+ Kg7 37. g3 Qxa5 38. Qxd6 Qe1+ 39. Kg2 Qe4+ 40. Kh2 Rf7 41. Qe6 f4 42. g4 Qe2 43. Kg2 f3+ 44. Kg3 Qe1 45. Rb2 Qe4 46. Rb6 Qf4+ 47. Kh4 a5 48. Rb2 Rf6 49. Rxb7+ Kh6 0-1

[Event "SLO-chT (Women)"]
[Site "Ljubljana"]
[Date "2013.04.18"]
[Round "1.3"]
[White "Nadvesnik, Vilma"]
[Black "Kralj, Manca"]
[Result "1-0"]
[WhiteElo "1878"]
[BlackElo "1780"]
[PlyCount "171"]
[EventDate "2013.04.18"]
[EventType "team-tourn"]
[EventRounds "7"]
[EventCountry "SLO"]
[SourceTitle "EXT 2015"]
[Source "ChessBase"]
[SourceDate "2014.11.20"]
[SourceVersion "1"]
[SourceVersionDate "2014.11.20"]
[SourceQuality "1"]
[WhiteTeam "Domzale (W)"]
[BlackTeam "Komenda (W)"]
[WhiteTeamCountry "SLO"]
[BlackTeamCountry "SLO"]

1. d4 d5 2. c4 dxc4 3. e4 Nc6 4. Nf3 Bg4 5. d5 Ne5 6. Bf4 Ng6 7. Bg3 e6 8. Nc3 exd5 9. Nxd5 Bd6 10. Bxc4 Bxg3 11. hxg3 c6 12. Ne3 Qxd1+ 13. Rxd1 Bxf3 14. gxf3 Nf6 15. Ke2 0-0 16. Rd2 Ne5 17. Bb3 Rfd8 18. Rhd1 Rxd2+ 19. Rxd2 g6 20. Bc2 Ned7 21. Nc4 Nc5 22. a3 Ne6 23. Ke3 b6 24. Ne5 c5 25. Bb3 Re8 26. Rd6 Kg7 27. Nc6 a5 28. Bc4 h5 29. Ne5 Ng5 30. Nc6 Ngxe4 31. fxe4 Nxe4 32. Rd8 Rxd8 33. Nxd8 Nd6 34. Bd5 f5 35. f4 Kf6 36. Nc6 Nc8 37. Ne5 Kg7 38. Nd7 Kh7 39. Be6 Kg7 40. Kf3 Kh6 41. Ne5 Nd6 42. a4 g5 43. fxg5+ Kxg5 44. Nd7 b5 45. Nxc5 bxa4 46. Nxa4 h4 47. gxh4+ Kxh4 48. Kf4 Kh5 49. Ke5 Ne4 50. Kxf5 Nf2 51. Nc5 Nd1 52. b3 Ne3+ 53. Kf4 Nc2 54. Bf7+ Kh6 55. Nb7 Nd4 56. Nxa5 Nxb3 57. Bxb3 Kg6 58. Nc6 Kf6 59. Bc4 Kg6 60. Ke5 Kg5 61. Be6 Kg6 62. Ne7+ Kg5 63. Bd7 Kh5 64. Kf5 Kh4 65. Kf4 Kh5 66. Be8+ Kh6 67. Nf5+ Kh7 68. Bf7 Kh8 69. Kg5 Kh7 70. Kf6 Kh8 71. Bg6 Kg8 72. Nh6+ Kh8 73. Nf7+ Kg8 74. Be4 Kf8 75. Bh7 Ke8 76. Ne5 Kd8 77. Ke6 Ke8 78. Nd7 Kd8 79. Kd6 Ke8 80. Bg6+ Kd8 81. Nc5 Kc8 82. Bf7 Kb8 83. Be6 Ka7 84. Kc7 Ka8 85. Kb6 Kb8 86. Na6+ 1-0

[Event "SLO-chT U20"]
[Site "Koper"]
[Date "2012.08.29"]
[Round "3"]
[White "Kralj, Manca"]
[Black "Carli, Lara"]
[Result "1-0"]
[WhiteElo "1775"]
[BlackElo "1615"]
[PlyCount "73"]
[EventDate "2012.08.28"]
[EventType "team-tourn"]
[EventRounds "7"]
[EventCountry "SLO"]
[SourceTitle "EXT 2022"]
[Source "ChessBase"]
[SourceDate "2021.10.06"]
[SourceVersion "1"]
[SourceVersionDate "2021.10.06"]
[SourceQuality "1"]

1. e4 c5 2. Nf3 d6 3. d4 cxd4 4. Nxd4 Nf6 5. Nc3 g6 6. Be2 Bg7 7. 0-0 0-0 8. Be3 Nc6 9. Qd2 Bd7 10. f4 Rc8 11. a3 a6 12. h3 Qc7 13. f5 Na5 14. Rac1 Nc4 15. Bxc4 Qxc4 16. Qd3 b5 17. fxg6 hxg6 18. Nf3 Rfd8 19. Rfd1 Qxd3 20. cxd3 Bc6 21. Kf2 Rc7 22. Bb6 Rcc8 23. Bxd8 Rxd8 24. Rc2 a5 25. Ne2 Bd7 26. Ned4 a4 27. Nc6 Re8 28. g4 Kf8 29. Ncd4 Rc8 30. Rxc8+ Bxc8 31. Nxb5 Ba6 32. Nc3 Nd7 33. Nxa4 e6 34. Nc3 Ke7 35. Ke3 Nb6 36. Kd2 Kd7 37. Kc2 1-0

[Event "SLO-ch U16 Girls"]
[Site "Debeli Rtic"]
[Date "2012.02.22"]
[Round "7"]
[White "Kralj, Manca"]
[Black "Janzelj, Lara"]
[Result "1/2-1/2"]
[WhiteElo "1771"]
[BlackElo "1712"]
[PlyCount "73"]
[EventDate "2012.02.18"]
[EventType "swiss"]
[EventRounds "9"]
[EventCountry "SLO"]
[SourceTitle "EXT 2022"]
[Source "ChessBase"]
[SourceDate "2021.10.06"]
[SourceVersion "1"]
[SourceVersionDate "2021.10.06"]
[SourceQuality "1"]

1. e4 d5 2. exd5 Qxd5 3. Nc3 Qd6 4. d4 Nf6 5. Nf3 c6 6. Bd3 Bg4 7. Be3 g6 8. h3 Bxf3 9. Qxf3 Bg7 10. g4 Nbd7 11. 0-0-0 Nb6 12. h4 Nbd5 13. Nxd5 Nxd5 14. c3 a5 15. h5 a4 16. a3 Rd8 17. Bc2 b5 18. Be4 Rc8 19. Bxd5 cxd5 20. h6 Bf8 21. g5 b4 22. Bf4 Qb6 23. axb4 Qxb4 24. Rd3 e6 25. Qe3 Qb3 26. Qd2 a3 27. Qc2 axb2+ 28. Kb1 Qxc2+ 29. Kxc2 Ba3 30. Kb3 Ra8 31. Rb1 Kd7 32. Be5 Rhc8 33. Rf3 Ke8 34. Rd3 Rc6 35. Rf3 Rb6+ 36. Kc2 Rc8 37. Bf4 1/2-1/2

[Event "SLO-ch U16 Girls"]
[Site "Debeli Rtic"]
[Date "2012.02.21"]
[Round "5"]
[White "Kralj, Manca"]
[Black "Skuhala, Barbara"]
[Result "1-0"]
[WhiteElo "1771"]
[BlackElo "1747"]
[PlyCount "69"]
[EventDate "2012.02.18"]
[EventType "swiss"]
[EventRounds "9"]
[EventCountry "SLO"]
[SourceTitle "EXT 2022"]
[Source "ChessBase"]
[SourceDate "2021.10.06"]
[SourceVersion "1"]
[SourceVersionDate "2021.10.06"]
[SourceQuality "1"]

1. e4 c5 2. Nf3 d6 3. d4 cxd4 4. Nxd4 Nf6 5. Nc3 a6 6. Be3 e5 7. Nb3 Be7 8. Be2 b5 9. a4 bxa4 10. Rxa4 Bb7 11. Nd5 Nxd5 12. exd5 0-0 13. 0-0 Nd7 14. Na5 Qc7 15. c4 f5 16. f3 Bd8 17. Qb3 Nc5 18. Bxc5 Qxc5+ 19. Kh1 Bxd5 20. Nb7 Bxb7 21. Qxb7 Bf6 22. Rxa6 Rab8 23. Qd7 Qc8 24. Rxd6 Qxd7 25. Rxd7 Rxb2 26. Bd3 f4 27. Be4 Rfb8 28. c5 Rc8 29. c6 Rb5 30. Rc1 h6 31. c7 Kf8 32. Bd3 Rb6 33. Bf5 Ke8 34. Rxg7 Rxc7 35. Rgxc7 1-0

[Event "SLO-ch U16 Girls"]
[Site "Debeli Rtic"]
[Date "2012.02.20"]
[Round "4"]
[White "Kralj, Manca"]
[Black "Veliscek, Iza"]
[Result "1-0"]
[WhiteElo "1771"]
[BlackElo "1542"]
[PlyCount "79"]
[EventDate "2012.02.18"]
[EventType "swiss"]
[EventRounds "9"]
[EventCountry "SLO"]
[SourceTitle "EXT 2022"]
[Source "ChessBase"]
[SourceDate "2021.10.06"]
[SourceVersion "1"]
[SourceVersionDate "2021.10.06"]
[SourceQuality "1"]

1. e4 c5 2. Nf3 e6 3. d4 cxd4 4. Nxd4 a6 5. Be3 Nf6 6. Nd2 Qc7 7. Be2 b5 8. f4 d6 9. Bf3 e5 10. Ne2 Bb7 11. 0-0 Be7 12. c3 Nbd7 13. Ng3 0-0 14. Qe1 Nc5 15. fxe5 dxe5 16. Qe2 Rfd8 17. Rab1 Nd3 18. Nb3 Nc5 19. Nxc5 Bxc5 20. Rbd1 Qb6 21. Kf2 Rd7 22. Rxd7 Nxd7 23. Rd1 Rd8 24. Bxc5 Qxc5+ 25. Qe3 Qe7 26. Nf5 Qf6 27. Qa7 Bc8 28. Qc7 Rf8 29. Rd6 Qg5 30. h4 Qc1 31. Ne7+ Kh8 32. Nxc8 Qxb2+ 33. Kg3 Qc1 34. Qxd7 Qf4+ 35. Kh3 g5 36. Qg4 Qc1 37. Rd1 Qxc3 38. Ne7 Qc7 39. Qxg5 b4 40. Qf6# 1-0

[Event "SLO-ch U16 Girls"]
[Site "Debeli Rtic"]
[Date "2012.02.18"]
[Round "1"]
[White "Bernik, Alja"]
[Black "Kralj, Manca"]
[Result "0-1"]
[WhiteElo "1673"]
[BlackElo "1771"]
[PlyCount "134"]
[EventDate "2012.02.18"]
[EventType "swiss"]
[EventRounds "9"]
[EventCountry "SLO"]
[SourceTitle "EXT 2022"]
[Source "ChessBase"]
[SourceDate "2021.10.06"]
[SourceVersion "1"]
[SourceVersionDate "2021.10.06"]
[SourceQuality "1"]

1. e4 e5 2. Nf3 Nc6 3. Nc3 Bc5 4. Be2 d6 5. d3 Nf6 6. Bg5 h6 7. Bh4 Be6 8. Na4 Bb6 9. Nxb6 axb6 10. a3 g5 11. Bg3 Qd7 12. h4 g4 13. Nd2 Nh5 14. Nf1 Nd4 15. Ne3 Nxg3 16. fxg3 h5 17. Qd2 0-0-0 18. 0-0-0 f5 19. exf5 Bxf5 20. Rdf1 Rdf8 21. Bd1 Qe6 22. Kb1 Qd7 23. Rf2 Rf7 24. Rhf1 Rhf8 25. c3 Nc6 26. Bb3 Be6 27. Bxe6 Qxe6 28. Nd1 Rxf2 29. Rxf2 Rxf2 30. Nxf2 Qg6 31. Qe3 Ne7 32. Ne4 Nf5 33. Qf2 Kd7 34. Kc2 d5 35. Nd2 Ke6 36. Nf1 Qh6 37. Qd2 Qxd2+ 38. Kxd2 e4 39. Ke2 Ke5 40. Kd2 c5 41. Ke2 d4 42. dxe4 Kxe4 43. Nd2+ Kd5 44. c4+ Ke5 45. Nf1 Nd6 46. Kd3 b5 47. b3 bxc4+ 48. bxc4 Ne4 49. Ke2 Nc3+ 50. Kd3 Nb1 51. a4 b6 52. Kc2 Nc3 53. Nd2 Nxa4 54. Kd3 Nc3 55. Kc2 b5 56. cxb5 Nxb5 57. Kd3 Kd5 58. Nc4 Nd6 59. Nb6+ Kc6 60. Na4 Kb5 61. Nb2 Kb4 62. Nd1 Kb3 63. Nf2 Nb5 64. Nd1 c4+ 65. Kd2 c3+ 66. Kc1 d3 67. Ne3 Nd4 0-1

[Event "SLO-chT Central Superliga 12th"]
[Site "Slovenia"]
[Date "2011.09.29"]
[Round "3.4"]
[White "Kralj, Manca"]
[Black "Zupec, Jan"]
[Result "1-0"]
[WhiteElo "1730"]
[BlackElo "1966"]
[PlyCount "59"]
[EventDate "2011.09.08"]
[EventType "team-tourn"]
[EventRounds "7"]
[EventCountry "SLO"]
[SourceTitle "EXT 2022"]
[Source "ChessBase"]
[SourceDate "2021.10.06"]
[SourceVersion "1"]
[SourceVersionDate "2021.10.06"]
[SourceQuality "1"]
[WhiteTeam "Komenda Pogi"]
[BlackTeam "Ig"]
[WhiteTeamCountry "SLO"]
[BlackTeamCountry "SLO"]

1. e4 g6 2. d4 c6 3. Bd3 d5 4. e5 c5 5. c3 Nc6 6. Ne2 e6 7. Be3 c4 8. Bc2 b5 9. a3 Bd7 10. 0-0 a5 11. Nd2 h5 12. Qb1 Qe7 13. Nf3 Bh6 14. h4 Bxe3 15. fxe3 Nh6 16. Ng5 0-0-0 17. b3 Kc7 18. bxc4 bxc4 19. e4 Rb8 20. Qc1 Qe8 21. Nf4 Ne7 22. a4 Bc6 23. Qa3 Qd7 24. Qc5 Rb6 25. Rfb1 Rxb1+ 26. Rxb1 Ra8 27. Rb5 Kd8 28. Rxa5 Rxa5 29. Qxa5+ Qc7 30. Nfxe6+ 1-0

[Event "Ljubljana-chT 64th Superliga"]
[Site "Ljubljana"]
[Date "2011.03.03"]
[Round "6.4"]
[White "Blazincic, Ivan"]
[Black "Kralj, Manca"]
[Result "0-1"]
[WhiteElo "1797"]
[BlackElo "1755"]
[PlyCount "108"]
[EventDate "2011.01.13"]
[EventType "team-tourn"]
[EventRounds "9"]
[EventCountry "SLO"]
[SourceTitle "EXT 2022"]
[Source "ChessBase"]
[SourceDate "2021.10.06"]
[SourceVersion "1"]
[SourceVersionDate "2021.10.06"]
[SourceQuality "1"]
[WhiteTeam "Bor Dob"]
[BlackTeam "Komenda Pogi"]
[WhiteTeamCountry "SLO"]
[BlackTeamCountry "SLO"]

1. c4 e5 2. Nc3 Nf6 3. g3 Bc5 4. Nf3 d6 5. a3 a5 6. Bg2 Be6 7. d3 c6 8. Ng5 0-0 9. Nxe6 fxe6 10. 0-0 Nbd7 11. Bh3 Qe7 12. e3 Rf7 13. d4 Bb6 14. Qb3 exd4 15. exd4 Bxd4 16. Ne2 Nc5 17. Qd1 e5 18. Nxd4 exd4 19. Bg5 h6 20. Bf4 g5 21. Bd2 Nfe4 22. Be1 Raf8 23. Bg2 a4 24. f3 Nf6 25. Bf2 Nb3 26. Rb1 c5 27. Qd3 Kg7 28. Rfe1 Qc7 29. Re6 Re7 30. Rbe1 Rfe8 31. Qf5 Rxe6 32. Rxe6 Rxe6 33. Qxe6 Qd7 34. Qe2 Kf7 35. Bf1 Qe6 36. Qd3 d5 37. Qc2 Kg7 38. Kg2 Nd7 39. cxd5 Qf6 40. Bb5 Ne5 41. Qe4 Nd2 42. Qe2 Ndxf3 43. Bxa4 Qf7 44. Qe4 g4 45. Bc2 Qh5 46. Qh7+ Kf6 47. Qh8+ Ke7 48. Qh7+ Kd6 49. Bg1 Nxg1 50. Be4 Ngf3 51. Bxf3 Nxf3 52. Qxb7 Qxh2+ 53. Kf1 Qg1+ 54. Ke2 Qe3+ 0-1